| 000 | 00533cab a2200193 4500 | ||
|---|---|---|---|
| 001 | WB3522-08 | ||
| 008 | 090401t1999 xxu||||| |||| 00| 0 eng d | ||
| 035 | _a(Sirsi) u93804 | ||
| 041 | _aeng | ||
| 245 | _aBlow for St Pancras scheme | ||
| 260 | _c1999 | ||
| 350 | _a0 | ||
| 490 |
_aSunday Business _v6 June 1999, 2(1) |
||
| 520 | _aBAA has withdrawn from the consortium chosen to refurbish St Pancras station. | ||
| 650 | _aST PANCRAS STATION | ||
| 690 | _aPROPERTY-COMMERCIAL PROPERTY | ||
| 942 | _n0 | ||
| 948 | _c08/06/1999 | ||
| 999 |
_c59450 _d59450 |
||